1969 1598 1951 1980 1769 1772 1147 1671 1003 1182 1611 1824 1047 1684 1336 1715 1681 1548 1247 1136 1052 1652 1359 1423 1751 1592 1359 1731 1760 1359 1239 1399 1386 1552 1474 1649 1597 1727 1624 1319 1755 1737 1327 1521 1882 1182 1954 1041 1529 1973 1281 1530 1922 1835 1405 1920 1064 1275 1122 1479 1677 1125 1242 1971 1761 1775 1564 1921 1561 1030 1909 1126 1605 1365 1198 1733 1505 1505 1025 1519 1418 1828 1599 1467 1503 1125 1448 1384 1653 1782 1593 1726 1373 1847 1706 1184 1660 1105 1760 BCNSPRNW ULIB Ver.6.0+V

เปลี่ยนเป็นภาษาไทย

Change to English
 แสดงรายละเอียดบรรณานุกรม
  กลับหน้าหลัก

Brief Record : Get Marc (ISO 2709) : E-mail record : QR code < ปิดหน้าต่าง
LEADER : 00000nam 2200000uu 4500
001    13399124315
003     ULIB
008    020711s2557 th a 000 0 tha d
060  4 WY18.2^bส927
110    กระทรวงสาธารณสุข.^bสำนักงานปลัดกระทรวงสาธารณสุข.^bสถาบันพระบรมราชชนก.^bเครือข่ายวิทยาลัยพยาบาลภาคเหนือ.
245    สาระทบทวนวิชากฎหมายและจรรยาบรรณวิชาชีพการพยาบาล/^cคณาจารย์วิทยาลัยพยาบาลเครือข่ายภาคเหนือ สถาบันพระบรมราชชนก
250    พิมพ์ครั้งที่ 1
260    มปก :^bเครือข่ายวิทยาลัยพยาบาลภาคเหนือ สถาบันพระบรมราชชนก.,^c2557
300    161 หน้า;^b30 ซม.
650    กฎหมายและจรรยาบรรณวิชาชีพการพยาบาล^xสาระทบทวน
650    กฎหมายและจรรยาบรรณวิชาชีพการพยาบาล^xเตรียมสอบ
700 0  อัญชลี แก้วสระศรี,^eบรรณาธิการ
700 0  ยงยุทธ แก้วเต็ม,^eบรรณาธิการ
700 0  ราตรี เที่ยงจิตต์,^eบรรณาธิการ
945    ^p0^l0^i039287
945    ^p0^l0^i039288
945    ^p0^l0^i039289
945    ^p0^l0^i039290
945    ^p0^l0^i039291
945    ^p0^l0^i039292
945    ^p0^l0^i039293
945    ^p0^l0^i039294
945    ^p0^l0^i039295
945    ^p0^l0^i039296
945    ^p0^l0^i039297
945    ^p0^l0^i039298
945    ^p0^l0^i039299
999    ^aทศพร
รายการนี้ยังไม่มีแท็ก
คุณยังไม่ได้ล็อกอิน คุณสามารถมีกิจกรรมร่วมกับเว็บไซต์ได้ แต่ต้องล็อกอินก่อน ::
  ล็อกอิน

รายการสื่อสารสนเทศ

ลำดับที่ ประเภท เลขเรียก/บาร์โค้ด สถานที่ สถานะ
1. Book การพยาบาล
หนังสือสำรอง
สถานะ=หนังสือสำรอง
WY18.2 ส927 ฉ.1 
  Barcode: 039287
ห้องสมุดวิทยาเขตสวรรค์ประชารักษ์
►หนังสือทั่วไป
บนชั้น
2. Book การพยาบาล
Book การพยาบาล
WY18.2 ส927 ฉ.10 
  Barcode: 039296
ห้องสมุดวิทยาเขตสวรรค์ประชารักษ์
►หนังสือทั่วไป
ถูกยืม กำหนดส่งวันที่ 8 มีนาคม 2567
  จอง
3. Book การพยาบาล
Book การพยาบาล
WY18.2 ส927 ฉ.11 
  Barcode: 039297
ห้องสมุดวิทยาเขตสวรรค์ประชารักษ์
►หนังสือทั่วไป
บนชั้น
4. Book การพยาบาล
Book การพยาบาล
WY18.2 ส927 ฉ.12 
  Barcode: 039298
ห้องสมุดวิทยาเขตสวรรค์ประชารักษ์
►หนังสือทั่วไป
บนชั้น
5. Book การพยาบาล
Book การพยาบาล
WY18.2 ส927 ฉ.13 
  Barcode: 039299
ห้องสมุดวิทยาเขตสวรรค์ประชารักษ์
►หนังสือทั่วไป
บนชั้น
6. Book การพยาบาล
Book การพยาบาล
WY18.2 ส927 ฉ.2 
  Barcode: 039288
ห้องสมุดวิทยาเขตสวรรค์ประชารักษ์
►หนังสือทั่วไป
บนชั้น
7. Book การพยาบาล
Book การพยาบาล
WY18.2 ส927 ฉ.3 
  Barcode: 039289
ห้องสมุดวิทยาเขตสวรรค์ประชารักษ์
►หนังสือทั่วไป
บนชั้น
8. Book การพยาบาล
Book การพยาบาล
WY18.2 ส927 ฉ.4 
  Barcode: 039290
ห้องสมุดวิทยาเขตสวรรค์ประชารักษ์
►หนังสือทั่วไป
บนชั้น
9. Book การพยาบาล
Book การพยาบาล
WY18.2 ส927 ฉ.5 
  Barcode: 039291
ห้องสมุดวิทยาเขตสวรรค์ประชารักษ์
►หนังสือทั่วไป
บนชั้น
10. Book การพยาบาล
Book การพยาบาล
WY18.2 ส927 ฉ.6 
  Barcode: 039292
ห้องสมุดวิทยาเขตสวรรค์ประชารักษ์
►หนังสือทั่วไป
บนชั้น
11. Book การพยาบาล
Book การพยาบาล
WY18.2 ส927 ฉ.7 
  Barcode: 039293
ห้องสมุดวิทยาเขตสวรรค์ประชารักษ์
►หนังสือทั่วไป
บนชั้น
12. Book การพยาบาล
Book การพยาบาล
WY18.2 ส927 ฉ.8 
  Barcode: 039294
ห้องสมุดวิทยาเขตสวรรค์ประชารักษ์
►หนังสือทั่วไป
บนชั้น
13. Book การพยาบาล
Book การพยาบาล
WY18.2 ส927 ฉ.9 
  Barcode: 039295
ห้องสมุดวิทยาเขตสวรรค์ประชารักษ์
►หนังสือทั่วไป
บนชั้น

BibComment


ยังไม่เคยถูกคอมเมนท์

คอมเมนท์ทรัพยากรรายการนี้
  คอมเมนท์: สาระทบทวนวิชากฎหม..


 Copyright 2026. Bcnsprnw @Library